<?xml version="1.0" encoding="UTF-8"?>
<record
    xmlns:xsi="http://www.w3.org/2001/XMLSchema-instance"
    xsi:schemaLocation="http://www.loc.gov/MARC21/slim http://www.loc.gov/standards/marcxml/schema/MARC21slim.xsd"
    xmlns="http://www.loc.gov/MARC21/slim">

  <leader>03780nam0a2200505   4500</leader>
  <controlfield tag="001">RU\NLR\BIBL_A\011210131</controlfield>
  <controlfield tag="005">20260408124106.0</controlfield>
  <datafield tag="020" ind1=" " ind2=" ">
    <subfield code="a">RU</subfield>
    <subfield code="9">&#x41E;&#x442; &#x424;&#x435;&#x432;&#x440;&#x430;&#x43B;&#x44F; &#x43A; &#x41E;&#x43A;&#x442;&#x44F;&#x431;&#x440;&#x44E;: &#x43A;&#x43E;&#x43B;&#x43B;&#x435;&#x43A;&#x446;&#x438;&#x44F; &#x43B;&#x438;&#x441;&#x442;&#x43E;&#x432;&#x43E;&#x43A;/&#x420;&#x43E;&#x441;. &#x43D;&#x430;&#x446;. &#x431;-&#x43A;&#x430;</subfield>
  </datafield>
  <datafield tag="035" ind1=" " ind2=" ">
    <subfield code="a">(NLR Aleph) 011210131</subfield>
  </datafield>
  <datafield tag="090" ind1=" " ind2=" ">
    <subfield code="a">11967523</subfield>
    <subfield code="c">11967523</subfield>
  </datafield>
  <datafield tag="100" ind1=" " ind2=" ">
    <subfield code="a">20160908d1917    |||y0rusy50      ca</subfield>
  </datafield>
  <datafield tag="101" ind1="0" ind2=" ">
    <subfield code="a">rus</subfield>
  </datafield>
  <datafield tag="102" ind1=" " ind2=" ">
    <subfield code="a">RU</subfield>
  </datafield>
  <datafield tag="105" ind1=" " ind2=" ">
    <subfield code="a">y   z   000yy</subfield>
  </datafield>
  <datafield tag="135" ind1=" " ind2=" ">
    <subfield code="a">crcn 024apada</subfield>
  </datafield>
  <datafield tag="200" ind1="1" ind2=" ">
    <subfield code="a">&#x412;&#x441;&#x435;&#x43C; &#x433;&#x440;&#x430;&#x436;&#x434;&#x430;&#x43D;&#x430;&#x43C; &#x421;&#x430;&#x43F;&#x43E;&#x436;&#x43A;&#x43E;&#x432;&#x441;&#x43A;&#x43E;&#x433;&#x43E; &#x443;&#x435;&#x437;&#x434;&#x430;. &#x41D;&#x430;&#x448;&#x430; &#x440;&#x43E;&#x434;&#x438;&#x43D;&#x430; &#x43D;&#x430; &#x437;&#x430;&#x440;&#x435; &#x43D;&#x43E;&#x432;&#x43E;&#x439; &#x441;&#x432;&#x43E;&#x431;&#x43E;&#x434;&#x43D;&#x43E;&#x439; &#x436;&#x438;&#x437;&#x43D;&#x438; &#x43F;&#x435;&#x440;&#x435;&#x436;&#x438;&#x43B;&#x430; &#x443;&#x436;&#x435; &#x43D;&#x435; &#x43C;&#x430;&#x43B;&#x43E; &#x438;&#x441;&#x43F;&#x44B;&#x442;&#x430;&#x43D;&#x438;&#x439;...</subfield>
    <subfield code="e">[&#x43B;&#x438;&#x441;&#x442;&#x43E;&#x432;&#x43A;&#x430;]</subfield>
  </datafield>
  <datafield tag="210" ind1=" " ind2=" ">
    <subfield code="a">&#x421;&#x430;&#x43F;&#x43E;&#x436;&#x43E;&#x43A; [&#x420;&#x44F;&#x437;&#x430;&#x43D;&#x441;&#x43A;&#x430;&#x44F; &#x433;&#x443;&#x431;.]</subfield>
    <subfield code="c">&#x422;&#x438;&#x43F;&#x43E;&#x433;&#x440;&#x430;&#x444;&#x438;&#x44F; &#x423;&#x435;&#x437;&#x434;. &#x417;&#x435;&#x43C;&#x441;&#x43A;. &#x443;&#x43F;&#x440;&#x430;&#x432;&#x44B;</subfield>
    <subfield code="d">[1917, &#x438;&#x44E;&#x43D;&#x44C;]</subfield>
  </datafield>
  <datafield tag="215" ind1=" " ind2=" ">
    <subfield code="a">[1] &#x43B;.</subfield>
    <subfield code="d">36&#x445;23</subfield>
  </datafield>
  <datafield tag="300" ind1=" " ind2=" ">
    <subfield code="a">&#x41F;&#x43E;&#x434;&#x43F;&#x438;&#x441;&#x44C;: &#x438;. &#x43E;&#x431;. &#x423;&#x435;&#x437;&#x434;&#x43D;&#x43E;&#x433;&#x43E; &#x43A;&#x43E;&#x43C;&#x438;&#x441;&#x441;&#x430;&#x440;&#x430; &#x41D;. &#x411;&#x443;&#x442;&#x44B;&#x440;&#x43A;&#x438;&#x43D;, &#x43F;&#x440;&#x435;&#x434;&#x441;&#x435;&#x434;&#x430;&#x442;&#x435;&#x43B;&#x44C; &#x423;&#x435;&#x437;&#x434;&#x43D;&#x43E;&#x433;&#x43E; &#x412;&#x440;&#x435;&#x43C;&#x435;&#x43D;&#x43D;&#x43E;&#x433;&#x43E; &#x438;&#x441;&#x43F;&#x43E;&#x43B;&#x43D;&#x438;&#x442;&#x435;&#x43B;&#x44C;&#x43D;&#x43E;&#x433;&#x43E; &#x43A;&#x43E;&#x43C;&#x438;&#x442;&#x435;&#x442;&#x430; &#x41D;. &#x421;. &#x41C;&#x438;&#x445;&#x435;&#x435;&#x432;, &#x447;&#x43B;&#x435;&#x43D;&#x44B; &#x43A;&#x43E;&#x43C;&#x438;&#x442;&#x435;&#x442;&#x430;: &#x410;. &#x41E;. &#x415;&#x43F;&#x438;&#x444;&#x430;&#x43D;&#x43E;&#x432;, &#x41D;. &#x412;. &#x41A;&#x443;&#x441;&#x442;&#x43E;&#x434;&#x438;&#x43D;&#x430;, &#x410;. &#x418;. &#x418;&#x432;&#x430;&#x43D;&#x43E;&#x432;, &#x418;. &#x41F;. &#x421;&#x430;&#x43D;&#x444;&#x438;&#x440;&#x43E;&#x432;</subfield>
  </datafield>
  <datafield tag="300" ind1=" " ind2=" ">
    <subfield code="a">&#x41A;&#x43E;&#x43B;&#x43B;&#x435;&#x43A;&#x446;&#x438;&#x44F; &#x43B;&#x438;&#x441;&#x442;&#x43E;&#x432;&#x43E;&#x43A; "&#x41E;&#x442; &#x424;&#x435;&#x432;&#x440;&#x430;&#x43B;&#x44F; &#x43A; &#x41E;&#x43A;&#x442;&#x44F;&#x431;&#x440;&#x44E;" (2 &#x44D;&#x43A;&#x437;.)</subfield>
  </datafield>
  <datafield tag="325" ind1="1" ind2=" ">
    <subfield code="a">&#x41A;&#x43E;&#x43F;&#x438;&#x44F; &#x434;&#x43E;&#x441;&#x442;&#x443;&#x43F;&#x43D;&#x430; &#x432; &#x42D;&#x43B;&#x435;&#x43A;&#x442;&#x440;&#x43E;&#x43D;&#x43D;&#x43E;&#x439; &#x431;&#x438;&#x431;&#x43B;&#x438;&#x43E;&#x442;&#x435;&#x43A;&#x435; &#x420;&#x41D;&#x411;</subfield>
  </datafield>
  <datafield tag="327" ind1="1" ind2=" ">
    <subfield code="a">&#x41E;&#x431; &#x43D;&#x435;&#x443;&#x43F;&#x43B;&#x430;&#x442;&#x435; &#x437;&#x435;&#x43C;&#x435;&#x43B;&#x44C;&#x43D;&#x44B;&#x445; &#x438; &#x437;&#x435;&#x43C;&#x441;&#x43A;&#x438;&#x445; &#x441;&#x431;&#x43E;&#x440;&#x43E;&#x432;</subfield>
  </datafield>
  <datafield tag="517" ind1="1" ind2=" ">
    <subfield code="a">&#x41D;&#x430;&#x448;&#x430; &#x440;&#x43E;&#x434;&#x438;&#x43D;&#x430; &#x43D;&#x430; &#x437;&#x430;&#x440;&#x435; &#x43D;&#x43E;&#x432;&#x43E;&#x439; &#x441;&#x432;&#x43E;&#x431;&#x43E;&#x434;&#x43D;&#x43E;&#x439; &#x436;&#x438;&#x437;&#x43D;&#x438; &#x43F;&#x435;&#x440;&#x435;&#x436;&#x438;&#x43B;&#x430; &#x443;&#x436;&#x435; &#x43D;&#x435; &#x43C;&#x430;&#x43B;&#x43E; &#x438;&#x441;&#x43F;&#x44B;&#x442;&#x430;&#x43D;&#x438;&#x439;</subfield>
  </datafield>
  <datafield tag="540" ind1="1" ind2=" ">
    <subfield code="a">&#x41E;&#x431; &#x43D;&#x435;&#x443;&#x43F;&#x43B;&#x430;&#x442;&#x435; &#x437;&#x435;&#x43C;&#x435;&#x43B;&#x44C;&#x43D;&#x44B;&#x445; &#x438; &#x437;&#x435;&#x43C;&#x441;&#x43A;&#x438;&#x445; &#x441;&#x431;&#x43E;&#x440;&#x43E;&#x432;</subfield>
  </datafield>
  <datafield tag="540" ind1="1" ind2=" ">
    <subfield code="a">&#x41E;&#x442; &#x424;&#x435;&#x432;&#x440;&#x430;&#x43B;&#x44F; &#x43A; &#x41E;&#x43A;&#x442;&#x44F;&#x431;&#x440;&#x44E;</subfield>
    <subfield code="e">&#x43B;&#x438;&#x441;&#x442;&#x43E;&#x432;&#x43A;&#x438;</subfield>
  </datafield>
  <datafield tag="607" ind1=" " ind2=" ">
    <subfield code="a">&#x420;&#x43E;&#x441;&#x441;&#x438;&#x44F;</subfield>
    <subfield code="j">&#x41B;&#x438;&#x441;&#x442;&#x43E;&#x432;&#x43A;&#x438;</subfield>
    <subfield code="x">&#x418;&#x441;&#x442;&#x43E;&#x440;&#x438;&#x44F;</subfield>
    <subfield code="z">1917</subfield>
    <subfield code="9">2250871</subfield>
    <subfield code="3">RU\NLR\AUTH\661350120</subfield>
  </datafield>
  <datafield tag="686" ind1="0" ind2=" ">
    <subfield code="a">&#x422;3(2)524.2,011</subfield>
  </datafield>
  <datafield tag="686" ind1="0" ind2=" ">
    <subfield code="a">&#x422;3(2)711.1,011</subfield>
  </datafield>
  <datafield tag="686" ind1="1" ind2=" ">
    <subfield code="a">&#x423;42(28)1,011</subfield>
  </datafield>
  <datafield tag="702" ind1=" " ind2="1">
    <subfield code="4">720</subfield>
    <subfield code="7">ca</subfield>
    <subfield code="8">rus</subfield>
    <subfield code="a">&#x411;&#x443;&#x442;&#x44B;&#x440;&#x43A;&#x438;&#x43D;</subfield>
    <subfield code="b">&#x41D;. &#x418;.</subfield>
    <subfield code="c">&#x443;&#x447;&#x430;&#x441;&#x442;&#x43D;&#x438;&#x43A; &#x43C;&#x435;&#x441;&#x442;&#x43D;&#x43E;&#x433;&#x43E; &#x441;&#x430;&#x43C;&#x43E;&#x443;&#x43F;&#x440;&#x430;&#x432;&#x43B;&#x435;&#x43D;&#x438;&#x44F;, &#x430;&#x433;&#x440;&#x43E;&#x43D;&#x43E;&#x43C;</subfield>
    <subfield code="9">162615</subfield>
    <subfield code="3">RU\NLR\AUTH\770162659</subfield>
  </datafield>
  <datafield tag="702" ind1=" " ind2="1">
    <subfield code="4">720</subfield>
    <subfield code="7">ca</subfield>
    <subfield code="8">rus</subfield>
    <subfield code="a">&#x41C;&#x438;&#x445;&#x435;&#x435;&#x432;</subfield>
    <subfield code="b">&#x41D;. &#x421;.</subfield>
    <subfield code="c">&#x434;&#x435;&#x44F;&#x442;&#x435;&#x43B;&#x44C; &#x43C;&#x435;&#x441;&#x442;&#x43D;&#x43E;&#x433;&#x43E; &#x441;&#x430;&#x43C;&#x43E;&#x443;&#x43F;&#x440;&#x430;&#x432;&#x43B;&#x435;&#x43D;&#x438;&#x44F;, &#x43F;&#x440;&#x435;&#x434;&#x441;&#x435;&#x434;&#x430;&#x442;&#x435;&#x43B;&#x44C; &#x438;&#x441;&#x43F;&#x43E;&#x43B;&#x43D;&#x438;&#x442;. &#x43A;&#x43E;&#x43C;&#x438;&#x442;&#x435;&#x442;&#x430;</subfield>
    <subfield code="9">162830</subfield>
    <subfield code="3">RU\NLR\AUTH\770162874</subfield>
  </datafield>
  <datafield tag="702" ind1=" " ind2="1">
    <subfield code="4">720</subfield>
    <subfield code="7">ca</subfield>
    <subfield code="8">rus</subfield>
    <subfield code="a">&#x415;&#x43F;&#x438;&#x444;&#x430;&#x43D;&#x43E;&#x432;</subfield>
    <subfield code="b">&#x410;. &#x41E;.</subfield>
    <subfield code="c">&#x443;&#x447;&#x430;&#x441;&#x442;&#x43D;&#x438;&#x43A; &#x43C;&#x435;&#x441;&#x442;&#x43D;&#x43E;&#x433;&#x43E; &#x441;&#x430;&#x43C;&#x43E;&#x443;&#x43F;&#x440;&#x430;&#x432;&#x43B;&#x435;&#x43D;&#x438;&#x44F;, &#x447;&#x43B;&#x435;&#x43D; &#x438;&#x441;&#x43F;&#x43E;&#x43B;&#x43D;&#x438;&#x442;. &#x43A;&#x43E;&#x43C;&#x438;&#x442;&#x435;&#x442;&#x430;</subfield>
    <subfield code="9">162839</subfield>
    <subfield code="3">RU\NLR\AUTH\770162883</subfield>
  </datafield>
  <datafield tag="702" ind1=" " ind2="1">
    <subfield code="4">720</subfield>
    <subfield code="7">ca</subfield>
    <subfield code="8">rus</subfield>
    <subfield code="a">&#x41A;&#x443;&#x441;&#x442;&#x43E;&#x434;&#x438;&#x43D;&#x430;</subfield>
    <subfield code="b">&#x41D;. &#x412;.</subfield>
    <subfield code="c">&#x443;&#x447;&#x430;&#x441;&#x442;&#x43D;&#x438;&#x43A; &#x43C;&#x435;&#x441;&#x442;&#x43D;&#x43E;&#x433;&#x43E; &#x441;&#x430;&#x43C;&#x43E;&#x443;&#x43F;&#x440;&#x430;&#x432;&#x43B;&#x435;&#x43D;&#x438;&#x44F;, &#x447;&#x43B;&#x435;&#x43D; &#x438;&#x441;&#x43F;&#x43E;&#x43B;&#x43D;&#x438;&#x442;. &#x43A;&#x43E;&#x43C;&#x438;&#x442;&#x435;&#x442;&#x430;</subfield>
    <subfield code="9">162842</subfield>
    <subfield code="3">RU\NLR\AUTH\770162886</subfield>
  </datafield>
  <datafield tag="702" ind1=" " ind2="1">
    <subfield code="4">720</subfield>
    <subfield code="7">ca</subfield>
    <subfield code="8">rus</subfield>
    <subfield code="a">&#x418;&#x432;&#x430;&#x43D;&#x43E;&#x432;</subfield>
    <subfield code="b">&#x410;. &#x418;.</subfield>
    <subfield code="c">&#x443;&#x447;&#x430;&#x441;&#x442;&#x43D;&#x438;&#x43A; &#x43C;&#x435;&#x441;&#x442;&#x43D;&#x43E;&#x433;&#x43E; &#x441;&#x430;&#x43C;&#x43E;&#x443;&#x43F;&#x440;&#x430;&#x432;&#x43B;&#x435;&#x43D;&#x438;&#x44F;, &#x447;&#x43B;&#x435;&#x43D; &#x438;&#x441;&#x43F;&#x43E;&#x43B;&#x43D;&#x438;&#x442;. &#x43A;&#x43E;&#x43C;&#x438;&#x442;&#x435;&#x442;&#x430;</subfield>
    <subfield code="9">162845</subfield>
    <subfield code="3">RU\NLR\AUTH\770162889</subfield>
  </datafield>
  <datafield tag="702" ind1=" " ind2="1">
    <subfield code="4">720</subfield>
    <subfield code="7">ca</subfield>
    <subfield code="8">rus</subfield>
    <subfield code="a">&#x421;&#x430;&#x43D;&#x444;&#x438;&#x440;&#x43E;&#x432;</subfield>
    <subfield code="b">&#x418;. &#x41F;.</subfield>
    <subfield code="c">&#x443;&#x447;&#x430;&#x441;&#x442;&#x43D;&#x438;&#x43A; &#x43C;&#x435;&#x441;&#x442;&#x43D;&#x43E;&#x433;&#x43E; &#x441;&#x430;&#x43C;&#x43E;&#x443;&#x43F;&#x440;&#x430;&#x432;&#x43B;&#x435;&#x43D;&#x438;&#x44F;, &#x447;&#x43B;&#x435;&#x43D; &#x438;&#x441;&#x43F;&#x43E;&#x43B;&#x43D;&#x438;&#x442;. &#x43A;&#x43E;&#x43C;&#x438;&#x442;&#x435;&#x442;&#x430;</subfield>
    <subfield code="9">162851</subfield>
    <subfield code="3">RU\NLR\AUTH\770162895</subfield>
  </datafield>
  <datafield tag="712" ind1="0" ind2="2">
    <subfield code="4">570</subfield>
    <subfield code="a">&#x421;&#x430;&#x43F;&#x43E;&#x436;&#x43A;&#x43E;&#x432;&#x441;&#x43A;&#x438;&#x439; &#x443;&#x435;&#x437;&#x434;&#x43D;&#x44B;&#x439; &#x43A;&#x43E;&#x43C;&#x438;&#x441;&#x441;&#x430;&#x440;</subfield>
    <subfield code="3">RU\NLR\AUTH\880432763</subfield>
    <subfield code="9">529901</subfield>
  </datafield>
  <datafield tag="852" ind1="0" ind2="0">
    <subfield code="a">NLR</subfield>
    <subfield code="b">&#x424;&#x43B;</subfield>
    <subfield code="j">XI/53</subfield>
  </datafield>
  <datafield tag="942" ind1=" " ind2=" ">
    <subfield code="c">BOOK</subfield>
  </datafield>
  <datafield tag="980" ind1=" " ind2=" ">
    <subfield code="a">NB</subfield>
  </datafield>
  <datafield tag="981" ind1="4" ind2="2">
    <subfield code="a">(42) 1917: &#x43E;&#x442; &#x424;&#x435;&#x432;&#x440;&#x430;&#x43B;&#x44F; &#x43A; &#x41E;&#x43A;&#x442;&#x44F;&#x431;&#x440;&#x44E;</subfield>
    <subfield code="b">(42) &#x41B;&#x438;&#x441;&#x442;&#x43E;&#x432;&#x43A;&#x438; 1917 &#x433;&#x43E;&#x434;&#x430;</subfield>
  </datafield>
  <datafield tag="981" ind1="2" ind2="2">
    <subfield code="a">(22) &#x41C;&#x430;&#x442;&#x435;&#x440;&#x438;&#x430;&#x43B;&#x44B; &#x43F;&#x43E; &#x438;&#x441;&#x442;&#x43E;&#x440;&#x438;&#x438; &#x420;&#x43E;&#x441;&#x441;&#x438;&#x438;</subfield>
    <subfield code="b">(22) &#x418;&#x441;&#x442;&#x43E;&#x440;&#x438;&#x44F; &#x420;&#x43E;&#x441;&#x441;&#x438;&#x438; &#x441; 25 &#x43E;&#x43A;&#x442;&#x44F;&#x431;&#x440;&#x44F; (7 &#x43D;&#x43E;&#x44F;&#x431;&#x440;&#x44F;) 1917 &#x433;&#x43E;&#x434;&#x430;</subfield>
  </datafield>
</record>
